000
00488nam a2200169Ia 4500
008
090711s9999 xx 000 0 und d
082
_b
35023
100
_a
हसमनीस द. का.
245
_a
SाांदिSाी गदा
260
_c
1976
300
_a
180
600
_a
हसमनीस द. का.
630
_a
SाांदिSाी गदा
700
_a
हसमनीस द. का.
730
_a
SाांदिSाी गदा
942
_c
BOOK
999
_c
300777
_d
300777